| 000 | 00890nam a2200277 a 4500 | ||
|---|---|---|---|
| 001 | 4745 | ||
| 003 | BD-RjUL | ||
| 005 | 20211208233940.0 | ||
| 008 | 131223s1954 onc b 001 0 eng d | ||
| 035 | _a(BD-RjUL)4780 | ||
| 040 |
_aBD-RjUL _beng _cBD-RjUL |
||
| 041 | _aeng | ||
| 082 |
_a342.71 _bDAG 1956 |
||
| 100 | 1 |
_aDawson, Robert MacGregor, _d1895-1958. _914966 |
|
| 245 | 1 | 4 |
_aThe government of Canada / _cRobert MacGregor Dawson |
| 250 | _a2nd ed., rev | ||
| 260 |
_aToronto : _bUniversity of Toronto Press, _cc1954 [ reprinted 1956]. |
||
| 300 |
_ax, 667 p. ; _c23 cm |
||
| 490 | 1 |
_aCanadian government series ; _v2 |
|
| 504 | _aIncludes bibliographical references and index | ||
| 650 | 0 |
_aConstitutional history _zCanada _914967 |
|
| 651 | 0 |
_aCanada _xPolitics and government _911224 |
|
| 830 | 0 |
_v2 _9125165 |
|
| 830 | 0 |
_aCanadian government series ; _9125166 |
|
| 942 |
_2ddc _cBK |
||
| 999 |
_c4745 _d4745 |
||